000 03284nam a22002657a 4500
001 216218937
003 UA-OsUOA
005 20210103162820.0
008 200728b un ||||| m||| 00| 0 ukr d
040 _aUA-OsUOA
_bukr
_cUA-OsUOA
_dUA-OsUOA
041 _aukr
080 _a94:305-055.2(477.83/.86)"1914/1921"
090 _a94:305-055.2(477.83/.86)"1914/1921"
095 _a07.00.01
_bісторія України
100 _aБайдак М. С.
245 _aЖінка в умовах війни у світлі повсякденних практик (на матеріалах Галичини 1914–1921 рр.)
_cБайдак Мар'яна Степанівна ; наук. керівник Аркуша Олена Геогріївна
260 _aЛьвів
_c2018
300 _a20 с.
502 _6Автореферат дисертації на здобуття наукового ступеня кандидата історичних наук
_cЛьвівський національний університет імені Івана Франка
_d2018
520 _aУ дисертації реконструйовано різноманіття повсякденних практик жінок Східної Галичини в часі від 1914 р., коли розпочалася Перша світова війна, до 1921 р., коли було укладено Ризький мирний договір, який, по суті, завершив для українців період війни і пов’язаних з нею змагань за національну державність, і після якого останні чоловіки змогли повернутися до рідних домівок з фронту, полону, таборів для інтернованих осіб. Розкрито особливості військової та громадської діяльності жінок, їхнє місце в родині та суспільстві; світоглядні уявлення жінок під час війни, які включали ставлення до життя і смерті, патріотизму й обов’язку, часу та простору; значення Дому в жіночій самоідентифікації; моделі сімейних відносин у ситуації роздільного життя; формування образів жінок і жіночого повсякдення в тогочасній художній літературі, народній творчості, мистецьких творах і фотографіях. Для жінок не було універсального способу перетривати війну, вони дуже по-різному проживали і переживали війну. Наголошується, що жінки були активним дійовим чинником суспільних процесів.
650 _2UDC
_a94 Історія
942 _2udc
_cAR
955 _a1
999 _c460830
_d460830